| 000 | 00668nam a22001817a 4500 | ||
|---|---|---|---|
| 005 | 20251108164209.0 | ||
| 008 | 250721s1985 xx 000 0 ara d | ||
| 082 | 1 | 4 | _a343.094/معو |
| 100 | 1 | _aعبد التواب، معوض | |
| 245 | 1 | 0 |
_aالوسيط في شرح قانون المرور و لائحته التنفيذية : _bالتعليق على نصوص القانون بالشرح و أحكام النقض في خمسين عاماً / |
| 264 | 1 |
_aالقاهرة : _bمكتبة الأنجلو المصريه، _c1985. |
|
| 300 | _a207ص | ||
| 650 | 1 | 7 | _aالمرور |
| 650 | 1 | 7 | _aالقوانين |
| 650 | 1 | 7 | _aمصر |
| 942 |
_2ddc _cBK |
||
| 999 |
_c6121 _d6121 |
||